[Event "Challenge"]
[Site "http://www.queenalice.com/game.php?id=691892"]
[Date "2009.12.2"]
[Round "-"]
[White "sheroxx"]
[Black "MacumbaH"]
[Result "1-0"]
[WhiteElo "1695"]
[BlackElo "1581"]

1. d4 d5 2. c4 Nf6 3. Nc3 e6 4. Bf4 a6 5. Nf3 h6 6. e4 dxe4 7. Ne5 Bc5 8. dxc5
O-O 9. Qc2 Qd4 10. Be2 Nc6 11. Nxc6 bxc6 12. O-O Bb7 13. Rfd1 Qxc5 14. Nxe4 Nxe4
15. Qxe4 Qb4 16. Bd3 Rfe8 17. Qh7+ Kf8 18. Bxc7 Ke7 19. Bg6 Rh8 20. Qxg7 Raf8
21. Bd6+ 1-0

[Event "Challenge"]
[Site "http://www.queenalice.com/game.php?id=692389"]
[Date "2009.12.3"]
[Round "-"]
[White "sheroxx"]
[Black "mbacellar"]
[Result "1-0"]
[WhiteElo "1724"]
[BlackElo "1335"]

1. d4 e6 2. c4 d5 3. Nc3 e5 4. dxe5 c6 5. Bf4 d4 6. Ne4 f6 7. Nf3 g5 8. Bg3 f5
9. Nf6+ Nxf6 10. exf6 Na6 11. Be5 Rg8 12. e3 g4 13. Nxd4 Nc5 14. h3 Bd6 15. Bxd6
Qxd6 16. hxg4 Qxf6 17. Rxh7 Qg6 18. Rh4 f4 19. exf4 Qf6 20. g5 Qd6 21. Rh6 Qxf4
22. Qe2+ Kf7 23. Rf6+ Qxf6 24. gxf6 Bg4 25. Qe7+ Kg6 26. Qxc5 Rae8+ 27. Kd2 Kxf6
28. f3 Rg5 29. Qd6+ Be6 30. Nxe6 Rxe6 31. Qf8+ Ke5 32. Re1+ Kd4 33. Rxe6 b5 34.
Qf4+ Kc5 35. Qxg5+ Kb6 36. c5+ Ka5 37. Rxc6 a6 38. Qf4 b4 39. Qxb4+ Kxb4 40.
Rxa6 Kxc5 41. g4 Kd4 42. g5 Kc5 43. g6 Kd5 44. g7 Ke5 45. g8=Q Kf4 46. Qg4+ Ke5
47. Ra5+ Kd6 48. Qg6+ Kc7 49. Ra7+ 1-0

[Event "REGIAO NORTE II"]
[Site "http://www.queenalice.com/game.php?id=696807"]
[Date "2009.12.12"]
[Round "-"]
[White "perucona"]
[Black "sheroxx"]
[Result "0-1"]
[WhiteElo "1544"]
[BlackElo "1692"]

1. e4 e6 2. d4 d5 3. e5 c5 4. dxc5 Bxc5 5. Be3 Bxe3 6. fxe3 Nc6 7. Nf3 Qb6 8.
Qd2 Qxb2 9. Qc3 Qc1+ 10. Kf2 Nh6 11. Qe1 Ng4+ 12. Kg3 Qxe1+ 13. Kxg4 Qb4+ 14.
Nd4 Nxd4 15. exd4 Qxd4+ 16. Kg5 Qxe5+ 17. Kg4 Qxa1 18. Nd2 Qd1+ 19. Nf3 e5+ 20.
Kg3 e4 21. Ng5 Qg4+ 22. Kf2 Qxg5 23. g3 Qd2+ 24. Be2 Bg4 25. Re1 e3+ 26. Kf1
Bh3+ 27. Kg1 Qxe1+ 28. Bf1 Qxf1# 0-1

[Event "AUTO-ADV-1597"]
[Site "http://www.queenalice.com/game.php?id=707934"]
[Date "2010.1.3"]
[Round "1"]
[White "mestre_leonardo"]
[Black "sheroxx"]
[Result "1-0"]
[WhiteElo "1666"]
[BlackElo "1736"]

1. e4 e6 2. Nf3 d5 3. exd5 Qxd5 4. Nc3 Qd8 5. Bc4 Nf6 6. O-O c5 7. d3 Nc6 8. Bg5
h6 9. Bh4 Bd6 10. a4 O-O 11. Bb5 a6 12. Bxc6 bxc6 13. Ne4 Be7 14. Nxf6+ Bxf6 15.
Bxf6 Qxf6 16. c3 Rd8 17. Re1 Bb7 18. Qb3 Rab8 19. Qc4 Qf5 20. d4 cxd4 21. Nxd4
Qg5 22. f3 e5 23. Ne2 c5 24. Ng3 h5 25. Qxc5 h4 26. Ne4 Bxe4 27. Rxe4 f5 28.
Rxe5 h3 29. g3 Qd2 30. Qc4+ Kh8 31. Re2 Qg5 32. Qxa6 Re8 33. Rxe8+ Rxe8 34. Qb5
Rd8 35. Rf1 Qe3+ 36. Kh1 Qd2 37. Rg1 Qe3 38. Qxf5 Qe2 39. Qxh3+ Kg8 40. Qg2 Qa6
41. b3 Qc6 42. c4 Rb8 43. Rb1 Qxa4 44. bxa4 Rxb1+ 45. Qg1 Rxg1+ 46. Kxg1 Kf7 47.
Kf2 Ke8 48. Ke3 Kd7 49. Kd4 1-0

[Event "AUTO-ADV-1597"]
[Site "http://www.queenalice.com/game.php?id=707935"]
[Date "2010.1.3"]
[Round "1"]
[White "sheroxx"]
[Black "mestre_leonardo"]
[Result "0-1"]
[WhiteElo "1725"]
[BlackElo "1639"]

1. d4 d5 2. c4 dxc4 3. Nc3 Nf6 4. Bf4 e6 5. e3 Bb4 6. a3 Ba5 7. Qa4+ Nc6 8. Nf3
Bd7 9. Ne5 Bxc3+ 10. bxc3 Nxe5 11. Qb4 Nd3+ 12. Bxd3 b5 13. Be2 Nd5 14. Qb2 Nxf4
15. g3 Nh3 16. Bg4 Ng5 17. h4 Ne4 18. Qc2 Nf6 19. Bf3 Rb8 20. O-O O-O 21. Kg2 c6
22. Rh1 a5 23. h5 h6 24. g4 Nh7 25. Be4 Ng5 26. f4 Nxe4 27. Qxe4 f5 28. gxf5
exf5 29. Qe5 Re8 30. Qc5 Rxe3 31. Rac1 Re2+ 32. Kf3 Qe8 33. d5 Qe4+ 34. Kg3 Re3+
35. Kh4 Qxf4# 0-1

[Event "AUTO-ADV-1597"]
[Site "http://www.queenalice.com/game.php?id=707948"]
[Date "2010.1.3"]
[Round "1"]
[White "Gorgona"]
[Black "sheroxx"]
[Result "0-1"]
[WhiteElo "1742"]
[BlackElo "1709"]

1. e4 e6 2. d4 d5 3. exd5 Qxd5 4. c4 Qd8 5. Nf3 c5 6. Be2 Nc6 7. Be3 Qb6 8. b3
cxd4 9. Nxd4 Nxd4 10. Bxd4 Qc6 11. Bf3 Qc7 12. Na3 Bxa3 13. Bxg7 Qa5+ 14. Ke2
Nf6 15. Bxh8 Qe5+ 16. Kf1 Bb2 17. Rb1 Bd7 18. Bxb7 Rd8 19. Qc2 Bd4 20. Bxf6 Qxf6
21. g3 e5 22. h4 Bf5 23. Qe2 Bd3 0-1

[Event "AUTO-ADV-1597"]
[Site "http://www.queenalice.com/game.php?id=707949"]
[Date "2010.1.3"]
[Round "1"]
[White "sheroxx"]
[Black "Gorgona"]
[Result "0-1"]
[WhiteElo "1702"]
[BlackElo "2022"]

1. d4 Nf6 2. c4 e6 3. Nc3 d5 4. Bf4 Bb4 5. a3 Bxc3+ 6. bxc3 dxc4 7. e3 b5 8. a4
c6 9. axb5 cxb5 10. Nf3 Nc6 11. Qc2 h6 12. Rb1 a6 13. Be2 Nd5 14. Bg3 Qa5 15.
Rc1 Nf6 16. O-O Nd5 17. Ne5 Nxe5 18. Bxe5 O-O 19. e4 Ne7 20. Ra1 Qb6 21. Qd2 Bb7
22. Qe3 Ng6 23. Qg3 Bxe4 24. Bc7 Qc6 25. Bd6 Rfd8 26. Bc7 Rd7 27. Bf4 Nxf4 28.
Qxf4 Bxg2 29. f3 Bxf1 30. Bxf1 Qb6 31. Kh1 Rc8 32. Bh3 b4 33. cxb4 c3 34. Rg1
Kh7 35. Qg4 Rg8 36. Qe4+ Kh8 37. f4 Rxd4 38. Qe3 Qxb4 39. Rc1 Rc8 40. Rg1 c2 41.
Qe5 Rg8 42. Qe2 Rd2 43. Qe1 Qxf4 44. Rg2 Rd1 45. Rg1 Rxe1 46. Rxe1 c1=Q 47. Rxc1
Qxc1+ 0-1

[Event "AUTO-ADV-1597"]
[Site "http://www.queenalice.com/game.php?id=707956"]
[Date "2010.1.3"]
[Round "1"]
[White "chess_wizard"]
[Black "sheroxx"]
[Result "1-0"]
[WhiteElo "1817"]
[BlackElo "1739"]

1. e4 e6 2. d4 d5 3. e5 c5 4. Nf3 Nc6 5. Bb5 a6 6. Be2 Qb6 7. c3 f6 8. O-O Bd7
9. Nbd2 cxd4 10. cxd4 Nxd4 11. exf6 Nxf6 12. Nxd4 Qxd4 13. Nf3 Qb6 14. b3 Bc5
15. Bb2 O-O 16. Ne5 Rad8 17. Bd3 Ne4 18. Bxe4 Bxf2+ 19. Kh1 Bb5 20. Bd3 Bxd3 21.
Nxd3 Bh4 22. Qg4 Be7 23. Qxg7# 1-0

[Event "AUTO-ADV-1597"]
[Site "http://www.queenalice.com/game.php?id=707957"]
[Date "2010.1.3"]
[Round "1"]
[White "sheroxx"]
[Black "chess_wizard"]
[Result "0-1"]
[WhiteElo "1675"]
[BlackElo "1873"]

1. d4 d5 2. c4 e6 3. Nc3 Nc6 4. Bf4 a6 5. e3 Nf6 6. Nf3 Be7 7. Bd3 O-O 8. a3 Bd7
9. Qc2 h6 10. O-O dxc4 11. Bxc4 b5 12. Bd3 Nd5 13. Nxd5 exd5 14. e4 dxe4 15.
Bxe4 Qe8 16. Qd2 Rb8 17. Bxh6 gxh6 18. Qxh6 f5 19. Bd5+ Rf7 20. Qg6+ Kf8 21.
Bxf7 Qxf7 22. Qxf7+ Kxf7 23. Ne5+ Nxe5 24. dxe5 c5 25. Rfe1 Be6 26. f4 Bd5 27.
Rad1 Be6 28. g3 b4 29. a4 b3 30. h4 c4 31. Rc1 Rd8 0-1

[Event "Challenge"]
[Site "http://www.queenalice.com/game.php?id=710777"]
[Date "2010.1.9"]
[Round "-"]
[White "TomasJeferson"]
[Black "sheroxx"]
[Result "0-1"]
[WhiteElo "1349"]
[BlackElo "1688"]

1. e4 e6 2. Nf3 d5 3. e5 c5 4. Nc3 Nc6 5. Bb5 Bd7 6. a3 a6 7. Be2 Qb6 8. a4 f6
9. exf6 Nxf6 10. O-O Bd6 11. d3 O-O 12. Ng5 h6 13. Bd2 hxg5 0-1

[Event "Challenge"]
[Site "http://www.queenalice.com/game.php?id=717335"]
[Date "2010.1.20"]
[Round "-"]
[White "Andrei_78"]
[Black "sheroxx"]
[Result "0-1"]
[WhiteElo "1641"]
[BlackElo "1722"]

1. e4 e6 2. Nf3 d5 3. exd5 Qxd5 4. Nc3 Qd8 5. Bc4 c5 6. Ne5 Bd6 7. Nf3 Nc6 8. h3
Nf6 9. a3 Qb6 10. O-O O-O 11. Na4 Qc7 12. d3 a6 13. Bg5 Nh5 14. g3 Nxg3 15. Re1
e5 16. Nc3 Nh5 17. Nh2 e4 18. Nxe4 Bxh2+ 19. Kf1 Bxh3+ 20. Ke2 Bg4+ 21. f3 Nd4+
22. Ke3 Nf5+ 23. Kd2 Bf4+ 24. Ke2 Nd4+ 25. Kf1 Bxf3 26. Qb1 Ng3+ 27. Nxg3 Bxg3
28. Re7 Qc8 29. Bxf7+ Rxf7 30. Rxf7 Qh3+ 31. Kg1 Qg2# 0-1

[Event "1º Desafio"]
[Site "http://www.queenalice.com/game.php?id=721770"]
[Date "2010.1.28"]
[Round "-"]
[White "sheroxx"]
[Black "Urko"]
[Result "0-1"]
[WhiteElo "1645"]
[BlackElo "1701"]

1. d4 d5 2. c4 dxc4 3. Nc3 Nf6 4. Bf4 c6 5. a4 e6 6. e3 Bb4 7. Bxc4 Ne4 8. Qc2
f5 9. Nf3 g5 10. Be5 Rg8 11. h4 a6 12. hxg5 Nxg5 13. Nxg5 Qxg5 14. Rxh7 Qxg2 15.
O-O-O b5 16. Bf1 Qg6 17. Rc7 Bd7 18. Bd3 Ke7 0-1

[Event "Challenge"]
[Site "http://www.queenalice.com/game.php?id=724700"]
[Date "2010.2.2"]
[Round "-"]
[White "chyco"]
[Black "sheroxx"]
[Result "1-0"]
[WhiteElo "1674"]
[BlackElo "1723"]

1. e4 e6 2. Qf3 Nc6 3. Nh3 Nf6 4. c3 d5 5. d3 dxe4 6. dxe4 Bc5 7. b4 Bb6 8. Qg3
Nxe4 9. Qxg7 Rf8 10. Bh6 Qe7 11. Qxh7 Qh4 12. g3 Qh5 13. Qg7 Bc5 14. bxc5 Qxc5
15. Bd3 Nxc3 16. Nxc3 Bd7 17. O-O Ke7 18. Ne4 Qd4 19. Qg5+ f6 20. Qg7+ Rf7 21.
Qg4 Qxd3 22. Rad1 Qc2 23. Qh4 Rh8 24. Qf4 e5 25. Qe3 Bxh3 26. Rfe1 Rfh7 27. Rd2
Qa4 28. Qc5+ Ke6 29. Qd5+ Kf5 30. Nc3 Qb4 31. Qf3+ 1-0

[Event "Challenge"]
[Site "http://www.queenalice.com/game.php?id=725753"]
[Date "2010.2.4"]
[Round "-"]
[White "sheroxx"]
[Black "Omar"]
[Result "1-0"]
[WhiteElo "1716"]
[BlackElo "1699"]

1. d4 d5 2. c4 dxc4 3. Nc3 Nf6 4. Bf4 Nd5 5. Nxd5 Qxd5 6. e3 Qd8 7. Bxc4 e6 8.
a3 a6 9. Nf3 h6 10. O-O Nc6 11. Ne5 Nxe5 12. Bxe5 f6 13. Bg3 h5 14. h3 h4 15.
Bh2 Bd6 16. Bxd6 Qxd6 17. Qc2 f5 18. Rad1 Qb6 19. d5 Bd7 20. dxe6 Bxe6 21. Bxe6
Qxe6 22. Qxc7 O-O 23. Rd6 Qc8 24. Qe7 Rf7 25. Qxh4 Qc7 26. Rg6 Rf6 27. Rxf6 gxf6
28. Qxf6 Rf8 29. Qg6+ Qg7 30. Qxg7+ Kxg7 31. Rc1 b5 32. Rc6 Ra8 33. f4 a5 34.
Rc5 b4 35. axb4 axb4 36. Rxf5 Kg6 37. Rb5 Re8 38. Kf2 Re4 39. Kf3 Rc4 40. b3 Rc6
41. Rxb4 1-0

[Event "Challenge"]
[Site "http://www.queenalice.com/game.php?id=725852"]
[Date "2010.2.4"]
[Round "-"]
[White "Andrei_78"]
[Black "sheroxx"]
[Result "1-0"]
[WhiteElo "1644"]
[BlackElo "1710"]

1. e4 e6 2. d3 d5 3. exd5 exd5 4. h3 Nf6 5. Nf3 Bc5 6. a3 O-O 7. Be2 Bf5 8. d4
Bb6 9. O-O c5 10. dxc5 Bxc5 11. Bd3 Bxh3 12. gxh3 Qd7 13. Ng5 h6 14. Nf3 Qxh3
15. Bf4 g5 16. Bh2 g4 17. Bf5 Qxf3 18. Qxf3 gxf3 19. Nc3 Nc6 20. Na4 Be7 21. c3
Kh8 22. Rae1 Rg8+ 23. Bg3 Bd6 24. Kh2 Bxg3+ 25. fxg3 Rg5 26. Rxf3 1-0

[Event "Challenge"]
[Site "http://www.queenalice.com/game.php?id=726231"]
[Date "2010.2.5"]
[Round "-"]
[White "sheroxx"]
[Black "solo"]
[Result "1-0"]
[WhiteElo "1698"]
[BlackElo "1720"]

1. d4 d5 2. c4 dxc4 3. Nc3 c6 4. Bf4 Nd7 5. e3 b5 6. a4 a6 7. axb5 Bb7 8. bxc6
Bxc6 9. Nf3 f6 10. Bxc4 Qc8 11. Be6 Qb7 12. Qc2 Nb6 13. O-O Bxf3 14. gxf3 Qxf3
15. Bc7 Qc6 16. Bxb6 Qxe6 17. Qa4+ Kf7 18. Bc5 Qc8 19. Qc4+ e6 20. Qb4 Ne7 21.
Bxe7 Bxe7 22. Qb6 Bd8 23. Qd6 Be7 24. Qg3 Qb7 25. Rab1 Bb4 26. f4 Qc7 27. Ne4
Qc6 28. Qf3 Rac8 29. f5 exf5 30. Ng5+ fxg5 31. Qxf5+ Kg8 32. Qf7# 1-0

[Event "Challenge"]
[Site "http://www.queenalice.com/game.php?id=727307"]
[Date "2010.2.6"]
[Round "-"]
[White "colatina"]
[Black "sheroxx"]
[Result "0-1"]
[WhiteElo "1564"]
[BlackElo "1708"]

1. e4 e6 2. e5 d5 3. d4 c5 4. c3 Nc6 5. Nf3 f6 6. exf6 Nxf6 7. Bd3 Qb6 8. dxc5
Bxc5 9. Be3 Bxe3 10. Qe2 Bc5 11. Ng5 h6 12. Bg6+ Ke7 13. Nf7 Rf8 14. f3 Rxf7 15.
Bxf7 Kxf7 16. b4 Bd6 17. b5 Ne5 18. a4 Bd7 19. Nd2 a6 20. f4 Neg4 21. a5 Qc5 22.
h3 Ne3 23. c4 Nc2+ 24. Kf1 Nxa1 25. Qf2 Qxf2+ 26. Kxf2 Nc2 27. cxd5 Bc5+ 0-1

[Event "Challenge"]
[Site "http://www.queenalice.com/game.php?id=734236"]
[Date "2010.2.19"]
[Round "-"]
[White "thiagobrumchess"]
[Black "sheroxx"]
[Result "1-0"]
[WhiteElo "1680"]
[BlackElo "1667"]

1. e4 e6 2. Nf3 d5 3. Be2 dxe4 4. Ne5 Bd6 5. Nc4 Nf6 6. O-O O-O 7. Ne3 Nc6 8.
Nc3 Nd4 9. d3 exd3 10. Qxd3 Nxe2+ 11. Qxe2 c5 12. Ng4 Nxg4 13. Qxg4 e5 14. Qf3
Qh4 15. Ne4 Bg4 16. Qb3 Bc7 17. Qxb7 1-0

[Event "Challenge"]
[Site "http://www.queenalice.com/game.php?id=735546"]
[Date "2010.2.21"]
[Round "-"]
[White "sheroxx"]
[Black "Dorges"]
[Result "0-1"]
[WhiteElo "1667"]
[BlackElo "1840"]

1. d4 d5 2. c4 dxc4 3. Nc3 Nc6 4. Nf3 Bg4 5. e3 a6 6. Bxc4 e5 7. h3 Bxf3 8. Qxf3
f6 9. d5 Nb4 10. O-O Nd3 11. Bxd3 Bb4 12. a3 Bxc3 13. bxc3 Qe7 0-1

[Event "Challenge"]
[Site "http://www.queenalice.com/game.php?id=737688"]
[Date "2010.2.25"]
[Round "-"]
[White "eddval"]
[Black "sheroxx"]
[Result "1-0"]
[WhiteElo "1744"]
[BlackElo "1658"]

1. e4 e6 2. d4 d5 3. Nd2 Nf6 4. e5 Nfd7 5. Bd3 c5 6. c3 Nc6 7. Ne2 Qb6 8. Nf3
cxd4 9. cxd4 Bb4+ 10. Bd2 Bxd2+ 11. Qxd2 O-O 12. O-O f6 13. exf6 1-0

[Event "Challenge"]
[Site "http://www.queenalice.com/game.php?id=737789"]
[Date "2010.2.26"]
[Round "-"]
[White "sheroxx"]
[Black "Fernando_cun"]
[Result "0-1"]
[WhiteElo "1691"]
[BlackElo "1684"]

1. d4 d5 2. c4 c6 3. Nc3 e6 4. Nf3 Bb4 5. a3 Bxc3+ 6. bxc3 dxc4 7. Bg5 f6 8. Bh4
g5 9. Bg3 Nh6 10. e3 g4 11. Nd2 b5 0-1